[Event "Commonwealth Open 2019"]
[Site "Delhi"]
[Date "2019.07.01"]
[Round "3.8"]
[White "Ajay Karthikeyan"]
[Black "Laxman, R.R."]
[Result "1/2-1/2"]
[WhiteElo "2216"]
[BlackElo "2437"]
[Annotator "NA"]
[PlyCount "120"]
[EventDate "2019.06.30"]
[EventType "swiss"]
[EventCountry "IND"]
[SourceTitle "playchess.com"]
[Source "ChessBase"]
[SourceQuality "1"]
[TimeControl "5400+30"]

1. d4 {[%emt 0:00:00]} Nf6 {[%emt 0:00:00]} 2. Bf4 {[%emt 0:00:00]} e6 {[%emt 0:00:36]} 3. e3 {[%emt 0:00:00]} c5 {[%emt 0:00:27]} 4. c3 {[%emt 0:00:00]} Nc6 {[%emt 0:00:51]} 5. Nd2 {[%emt 0:00:06]} d5 {[%emt 0:01:18]} 6. Ngf3 {[%emt 0:00:11]} Nh5 {[%emt 0:00:37]} 7. Bg5 {[%emt 0:02:11] D02: 1 d4 d5 2 Nf3 sidelines, including 2...Nf6 3 g3 and 2...Nf6 3 Bf4} Qb6 {[%emt 0:03:42]} (7... Qc7 8. Ne5 g6 9. Nxc6 bxc6 10. Be2 Rb8 11. Rb1 h6 12. Bh4 g5 13. Bxh5 gxh4 14. O-O Bd6 {1-0 (53) Harikrishna,P (2732)-Navara,D (2727) Prague 2018}) 8. Rb1 {[%emt 0:00:46]} h6 {[%emt 0:00:43]} 9. Bh4 {[%emt 0:00:13]} g5 {[%emt 0:01:18]} 10. Bg3 {[%emt 0:00:19]} Nxg3 {[%emt 0:00:13]} 11. hxg3 {[%emt 0:00:18]} cxd4 {[%emt 0:01:27]} 12. exd4 {[%emt 0:00:14]} Bg7 {[%emt 0:00:33]} 13. Bd3 {[%emt 0:04:58]} Bd7 {[%emt 0:00:06]} 14. O-O $146 {[%emt 0:04:23]} ({Predecessor:} 14. Nb3 O-O-O {0-1 (51) Harvey,M (2349)-Van der Lende,I (2332) chess.com INT 2018}) 14... g4 {[%emt 0:00:14]} 15. Nh2 {[%emt 0:06:56]} h5 {[%emt 0:00:22]} 16. Nb3 {[%emt 0:00:42]} Ne7 {[%emt 0:05:33]} 17. Nc5 {[%emt 0:09:43]} Bb5 {[%emt 0:02:35]} 18. b4 {[%emt 0:00:47]} Bxd3 {[%emt 0:00:21]} 19. Qxd3 {[%emt 0:00:02]} Qc6 {[%emt 0:03:07]} 20. b5 {[%emt 0:10:36]} Qc7 {[%emt 0:00:12]} 21. b6 {[%emt 0:00:52]} axb6 {[%emt 0:00:02]} 22. Qb5+ {[%emt 0:00:04]} Nc6 {[%emt 0:01:58]} 23. Qxb6 {[%emt 0:00:12]} Qxb6 {[%emt 0:00:07]} 24. Rxb6 {[%emt 0:00:05]} Na5 {[%emt 0:01:04]} 25. f3 $15 {[%emt 0:14:48]} Bh6 {[%emt 0:05:06]} 26. fxg4 {[%emt 0:01:55]} Be3+ {[%emt 0:00:06]} 27. Kh1 {[%emt 0:00:01]} hxg4 {[%emt 0:00:02]} 28. Nxe6 {[%emt 0:02:56]} Ke7 {[%emt 0:01:00]} 29. Nf4 {[%emt 0:00:33]} Rxh2+ {[%emt 0:00:24]} 30. Kxh2 {[%emt 0:00:02]} Rh8+ {[%emt 0:00:02]} 31. Nh3 {[%emt 0:00:01]} gxh3 {[%emt 0:04:04]} 32. gxh3 {[%emt 0:00:27]} Bd2 {[%emt 0:05:41]} 33. Rf3 {[%emt 0:08:59]} Rc8 {[%emt 0:01:58]} 34. Rbf6 {[%emt 0:01:39]} Rf8 {[%emt 0:00:17]} 35. R6f5 {[%emt 0:01:34]} Nc4 {[%emt 0:02:08]} 36. Rxd5 {[%emt 0:03:02]} b6 {[%emt 0:00:04]} 37. h4 {[%emt 0:04:47]} f6 {[%emt 0:02:25]} 38. Rb5 {[%emt 0:01:55]} Ke6 {[%emt 0:01:38]} 39. Kh3 {[%emt 0:01:37]} f5 {[%emt 0:00:22]} 40. Rd3 {[%emt 0:04:00]} Bh6 {[%emt 0:01:32]} 41. d5+ {[%emt 0:02:35]} Kd7 {[%emt 0:00:01]} 42. d6 {[%emt 0:07:02]} Bg7 {[%emt 0:00:25]} 43. Rf3 {[%emt 0:03:30]} Be5 {[%emt 0:00:30]} 44. Rb4 {[%emt 0:00:59]} Nd2 {[%emt 0:00:59]} 45. Rf2 {[%emt 0:00:51]} Rg8 {[%emt 0:01:11]} 46. g4 {[%emt 0:01:10]} Bxc3 {[%emt 0:00:02]} 47. Rbf4 {[%emt 0:02:40]} Ne4 {[%emt 0:00:06]} 48. Re2 {[%emt 0:00:22]} fxg4+ {[%emt 0:07:02]} 49. Rxg4 {[%emt 0:00:05]} Rxg4 {[%emt 0:00:04]} 50. Kxg4 {[%emt 0:00:01]} Nxd6 {[%emt 0:00:02]} 51. a4 {[%emt 0:03:20]} b5 {[%emt 0:02:28]} 52. axb5 {[%emt 0:00:06]} Nxb5 {[%emt 0:00:01]} 53. h5 {[%emt 0:00:20]} Nd6 {[%emt 0:00:05]} 54. Kg5 {[%emt 0:00:44]} Nf7+ {[%emt 0:00:16]} 55. Kf5 {[%emt 0:00:14]} Bh8 {[%emt 0:01:54]} 56. Kg6 {[%emt 0:00:16]} Ne5+ {[%emt 0:03:21]} 57. Kh7 {[%emt 0:00:16]} Bf6 {[%emt 0:00:04]} 58. Kg8 {[%emt 0:00:04]} Ke6 {[%emt 0:00:19]} 59. h6 {[%emt 0:00:25]} Kf5 {[%emt 0:00:04]} 60. h7 {[%emt 0:00:16]} Ng6 {[%emt 0:00:03]} 1/2-1/2

[Event "Commonwealth Open 2019"]
[Site "Delhi"]
[Date "2019.07.01"]
[Round "3.9"]
[White "Varshini, V."]
[Black "Krishna, C R G"]
[Result "0-1"]
[WhiteElo "2087"]
[BlackElo "2481"]
[Annotator "ChessBase"]
[PlyCount "68"]
[EventDate "2019.06.30"]
[EventType "swiss"]
[EventCountry "IND"]
[SourceTitle "playchess.com"]
[Source "ChessBase"]
[SourceQuality "1"]
[TimeControl "5400+30"]

1. e4 {[%emt 0:00:00]} d6 {[%emt 0:00:00]} 2. d4 {[%emt 0:00:00]} Nf6 {[%emt 0:00:00]} 3. Nc3 {[%emt 0:00:06]} Nbd7 {[%emt 0:00:00]} 4. Nf3 {[%emt 0:00:46]} e5 {[%emt 0:00:00]} 5. dxe5 {[%emt 0:04:54]} dxe5 {[%emt 0:00:12]} 6. Bc4 {[%emt 0:01:16]} Be7 {[%emt 0:03:09]} 7. O-O {[%emt 0:00:49]} c6 {[%emt 0:01:34]} 8. a4 {[%emt 0:02:12]} a5 {[%emt 0:00:26]} 9. h3 {[%emt 0:04:35]} Qc7 {[%emt 0:03:02]} 10. Qe2 {[%emt 0:02:26]} h6 {[%emt 0:02:07]} 11. Ne1 {[%emt 0:05:46]} g5 {[%emt 0:02:40]} 12. Nd3 {[%emt 0:03:48]} Nf8 {[%emt 0:01:46]} 13. Nd1 {[%emt 0:07:12]} Ng6 {[%emt 0:05:10]} 14. Bd2 {[%emt 0:14:35]} Rg8 {[%emt 0:09:41]} 15. Bc3 {[%emt 0:12:03]} Nf4 {[%emt 0:03:02]} 16. Nxf4 {[%emt 0:03:46]} gxf4 {[%emt 0:00:04]} 17. Kh1 {[%emt 0:04:41]} Rg5 {[%emt 0:12:01]} 18. Rb1 {[%emt 0:09:43]} Bd7 {[%emt 0:13:15]} 19. b4 {[%emt 0:02:30]} axb4 {[%emt 0:00:54]} 20. Bxb4 {[%emt 0:00:05]} Rxa4 {[%emt 0:00:24]} 21. Bxe7 {[%emt 0:01:28]} Kxe7 {[%emt 0:00:02]} 22. Nb2 {[%emt 0:01:18]} Ra8 {[%emt 0:03:46]} 23. Nd3 {[%emt 0:01:45]} Rag8 {[%emt 0:02:32]} 24. Qf3 {[%emt 0:04:25]} Bc8 {[%emt 0:13:54]} 25. Nc5 {[%emt 0:03:47]} Kf8 {[%emt 0:00:55]} 26. Qa3 {[%emt 0:02:38]} Kg7 {[%emt 0:02:35]} 27. Nxb7 {[%emt 0:00:36]} f3 {[%emt 0:04:48]} 28. Rg1 {[%emt 0:03:16]} fxg2+ {[%emt 0:00:12]} 29. Rxg2 {[%emt 0:03:17]} Rxg2 {[%emt 0:00:21]} 30. Kxg2 {[%emt 0:00:04]} Kh8+ {[%emt 0:01:21]} 31. Kh2 {[%emt 0:00:22]} Bxb7 {[%emt 0:00:25]} 32. Qa7 {[%emt 0:00:21]} Qd7 {[%emt 0:00:58]} 33. Qxb7 {[%emt 0:01:22]} Qd2 {[%emt 0:00:34]} 34. Qb6 {[%emt 0:00:34]} Qf4+ {[%emt 0:00:09]} 0-1

[Event "Commonwealth Open 2019"]
[Site "Delhi"]
[Date "2019.07.01"]
[Round "3.10"]
[White "Lalith, Babu M R"]
[Black "Kulkarni, Bhakti"]
[Result "1/2-1/2"]
[WhiteElo "2571"]
[BlackElo "2380"]
[Annotator "ChessBase"]
[PlyCount "66"]
[EventDate "2019.06.30"]
[EventType "swiss"]
[EventCountry "IND"]
[SourceTitle "playchess.com"]
[Source "ChessBase"]
[SourceQuality "1"]
[TimeControl "5400+30"]

1. c4 {[%emt 0:00:00]} e6 {[%emt 0:00:00]} 2. Nc3 {[%emt 0:00:00]} d5 {[%emt 0:00:04]} 3. d4 {[%emt 0:00:00]} Be7 {[%emt 0:00:41]} 4. cxd5 {[%emt 0:00:19]} exd5 {[%emt 0:00:04]} 5. Bf4 {[%emt 0:00:11]} Nf6 {[%emt 0:01:07]} 6. e3 {[%emt 0:01:08]} O-O {[%emt 0:02:10]} 7. Bd3 {[%emt 0:04:37]} c5 {[%emt 0:01:47]} 8. Nge2 {[%emt 0:15:33]} Nc6 {[%emt 0:03:15]} 9. Bb5 {[%emt 0:05:15]} c4 {[%emt 0:07:31]} 10. O-O {[%emt 0:05:51]} Nb4 {[%emt 0:03:07]} 11. Ba4 {[%emt 0:03:54]} a6 {[%emt 0:09:18]} 12. Be5 {[%emt 0:11:49]} b5 {[%emt 0:14:58]} 13. a3 {[%emt 0:00:42]} Nd3 {[%emt 0:09:26]} 14. Bc2 {[%emt 0:01:01]} Nxb2 {[%emt 0:04:27]} 15. Qb1 {[%emt 0:01:18]} Nd3 {[%emt 0:00:46]} 16. Bxf6 {[%emt 0:05:08]} Bxf6 {[%emt 0:00:47]} 17. Bxd3 {[%emt 0:00:12]} cxd3 {[%emt 0:00:03]} 18. Nf4 {[%emt 0:00:05]} Bg5 {[%emt 0:08:13]} 19. Nfxd5 {[%emt 0:04:21]} Bb7 {[%emt 0:00:40]} 20. Nb4 {[%emt 0:00:23]} Qc8 {[%emt 0:00:49]} 21. Rc1 {[%emt 0:06:51]} d2 {[%emt 0:12:15]} 22. Rc2 {[%emt 0:00:46]} a5 {[%emt 0:02:04]} 23. Nd3 {[%emt 0:05:27]} Qg4 {[%emt 0:00:59]} 24. Qf1 {[%emt 0:00:56]} b4 {[%emt 0:07:40]} 25. Nd1 {[%emt 0:06:24]} bxa3 {[%emt 0:01:02]} 26. h3 {[%emt 0:01:12]} Qe4 {[%emt 0:01:26]} 27. Rxd2 {[%emt 0:01:29]} Be7 {[%emt 0:00:20]} 28. Nc3 {[%emt 0:02:19]} Qc6 {[%emt 0:00:32]} 29. Nb1 {[%emt 0:00:04]} Bb4 {[%emt 0:00:53]} 30. Rda2 {[%emt 0:00:12]} Ba6 {[%emt 0:00:26]} 31. Qd1 {[%emt 0:01:04]} Bb7 {[%emt 0:02:34]} 32. Qf1 {[%emt 0:02:41]} Ba6 {[%emt 0:00:02]} 33. Qd1 {[%emt 0:00:49]} Bb7 {[%emt 0:01:15]} 1/2-1/2

[Event "Commonwealth Open 2019"]
[Site "Delhi"]
[Date "2019.07.01"]
[Round "3.11"]
[White "Debashis, Das"]
[Black "Oatlhotse, Providence"]
[Result "1-0"]
[WhiteElo "2544"]
[BlackElo "2244"]
[Annotator "ChessBase"]
[PlyCount "75"]
[EventDate "2019.06.30"]
[EventType "swiss"]
[EventCountry "IND"]
[SourceTitle "playchess.com"]
[Source "ChessBase"]
[SourceQuality "1"]
[TimeControl "5400+30"]

1. e4 c5 {[%emt 0:03:38]} 2. Nf3 {[%emt 0:00:00]} d6 {[%emt 0:00:06]} 3. d4 {[%emt 0:00:00]} cxd4 {[%emt 0:00:05]} 4. Nxd4 {[%emt 0:00:00]} Nf6 {[%emt 0:00:01]} 5. Nc3 {[%emt 0:00:00]} a6 {[%emt 0:00:08]} 6. Be3 {[%emt 0:00:18]} e5 {[%emt 0:00:06]} 7. Nb3 {[%emt 0:00:11]} Be6 {[%emt 0:00:03]} 8. f3 {[%emt 0:00:56]} h5 {[%emt 0:00:22]} 9. Qd2 {[%emt 0:00:31]} Nbd7 {[%emt 0:00:09]} 10. O-O-O {[%emt 0:00:26]} Qc7 {[%emt 0:00:16]} 11. Kb1 {[%emt 0:02:59]} Be7 {[%emt 0:00:26]} 12. h3 {[%emt 0:00:38]} h4 {[%emt 0:03:10]} 13. f4 {[%emt 0:00:34]} O-O {[%emt 0:06:01]} 14. f5 {[%emt 0:12:33]} Bc4 {[%emt 0:03:33]} 15. g4 {[%emt 0:06:14]} hxg3 {[%emt 0:01:37]} 16. Rg1 {[%emt 0:00:39]} Bxf1 {[%emt 0:00:41]} 17. Rdxf1 Qc4 {[%emt 0:00:03]} 18. Bh6 {[%emt 0:07:48]} Nh5 {[%emt 0:08:29]} 19. Qd1 {[%emt 0:21:04]} Ndf6 {[%emt 0:04:59]} 20. Bg5 {[%emt 0:00:13]} Rfd8 {[%emt 0:32:44]} 21. Nd2 {[%emt 0:03:14]} Qc5 {[%emt 0:16:20]} 22. Bxf6 {[%emt 0:02:20]} Nxf6 {[%emt 0:00:05]} 23. Rxg3 {[%emt 0:00:15]} d5 {[%emt 0:00:44]} 24. Rfg1 {[%emt 0:04:21]} Bf8 {[%emt 0:04:45]} 25. exd5 {[%emt 0:00:45]} Nxd5 {[%emt 0:00:46]} 26. Nce4 {[%emt 0:05:10]} Qe7 {[%emt 0:01:13]} 27. Qf3 {[%emt 0:11:53]} f6 {[%emt 0:00:40]} 28. Rg6 {[%emt 0:01:26]} b5 {[%emt 0:00:45]} 29. h4 {[%emt 0:01:28]} Rac8 {[%emt 0:04:28]} 30. h5 {[%emt 0:00:10]} Qc7 {[%emt 0:02:48]} 31. Qb3 {[%emt 0:02:59]} Kh7 {[%emt 0:02:42]} 32. h6 {[%emt 0:00:06]} Qxc2+ {[%emt 0:03:29]} 33. Qxc2 {[%emt 0:00:07]} Rxc2 {[%emt 0:00:01]} 34. hxg7 {[%emt 0:00:37]} Bxg7 {[%emt 0:00:49]} 35. Rxg7+ {[%emt 0:00:05]} Kh8 {[%emt 0:00:03]} 36. Kxc2 {[%emt 0:00:13]} Ne3+ {[%emt 0:00:05]} 37. Kb1 {[%emt 0:00:04]} Nxf5 {[%emt 0:00:04]} 38. R7g6 {[%emt 0:00:12]} 1-0

[Event "Commonwealth Open 2019"]
[Site "Delhi"]
[Date "2019.07.01"]
[Round "3.12"]
[White "Shyaamnikhil, P."]
[Black "Jubin Jimmy"]
[Result "1-0"]
[WhiteElo "2434"]
[BlackElo "2219"]
[Annotator "NA"]
[PlyCount "161"]
[EventDate "2019.06.30"]
[EventType "swiss"]
[EventCountry "IND"]
[SourceTitle "playchess.com"]
[Source "ChessBase"]
[SourceQuality "1"]
[TimeControl "5400+30"]

1. e4 {[%emt 0:00:00]} c6 {[%emt 0:00:00]} 2. d4 {[%emt 0:01:11]} d5 {[%emt 0:00:00]} 3. Nd2 {[%emt 0:00:04]} dxe4 {[%emt 0:00:12]} 4. Nxe4 {[%emt 0:00:05]} g6 {[%emt 0:00:08]} 5. Nf3 {[%emt 0:01:40]} Bg7 {[%emt 0:00:06]} 6. h3 {[%emt 0:01:04]} Nf6 {[%emt 0:01:00]} 7. Nxf6+ {[%emt 0:01:31]} exf6 {[%emt 0:00:15]} 8. Bc4 {[%emt 0:00:36]} O-O {[%emt 0:01:10]} 9. O-O {[%emt 0:00:05]} a5 {[%emt 0:00:10] B15: Caro-Kann: 3 Nc3: 3...g6 and 3...dxe4 4 Nxe4 Nf6 5 Nxf6+ exf6} 10. a4 {[%emt 0:00:14]} Na6 {[%emt 0:00:33]} 11. Re1 {[%emt 0:00:45]} Nc7 {[%emt 0:00:34]} 12. Bf4 Nd5 {[%emt 0:00:06]} 13. Bh2 {[%emt 0:04:21]} Be6 {[%emt 0:00:07]} 14. Bb3 {[%emt 0:00:04]} Re8 {[%emt 0:02:16]} 15. Nd2 {[%emt 0:02:17]} f5 {[%emt 0:05:04]} 16. Nc4 {[%emt 0:02:32] [#]} Bf8 $146 {[%emt 0:02:39]} ({Predecessor:} 16... f4 17. c3 {0-1 (42) Lu,S (2630)-Wei,Y (2734) Tianjin 2018}) 17. Ne5 {[%emt 0:01:52]} Nf6 {[%emt 0:03:00]} 18. c3 {[%emt 0:03:02]} Qb6 {[%emt 0:11:00]} 19. Bxe6 {[%emt 0:01:10]} Rxe6 {[%emt 0:03:10]} 20. Qc2 {[%emt 0:01:58]} Rae8 {[%emt 0:02:30]} 21. Nd3 {[%emt 0:00:09]} Nd5 {[%emt 0:01:36]} 22. Rxe6 {[%emt 0:00:36]} Rxe6 {[%emt 0:00:03]} 23. Rd1 {[%emt 0:03:33]} Re8 {[%emt 0:06:12]} 24. Be5 {[%emt 0:07:14]} h5 $11 {[%emt 0:07:04]} 25. Bf4 {[%emt 0:04:51]} Re4 {[%emt 0:04:06]} 26. Bd2 {[%emt 0:01:38]} Qa6 {[%emt 0:04:46]} 27. Re1 {[%emt 0:04:22]} Rxe1+ {[%emt 0:07:19]} 28. Bxe1 {[%emt 0:00:13]} b5 {[%emt 0:07:33]} 29. axb5 {[%emt 0:00:49]} cxb5 {[%emt 0:00:07]} 30. Qb3 {[%emt 0:00:06]} b4 {[%emt 0:02:25]} 31. cxb4 {[%emt 0:03:13]} axb4 {[%emt 0:02:34]} 32. Bd2 {[%emt 0:06:20]} Qe6 {[%emt 0:04:59]} 33. Nc5 {[%emt 0:03:35]} Bxc5 {[%emt 0:03:42]} 34. dxc5 {[%emt 0:00:06]} Qe4 {[%emt 0:01:00]} 35. c6 {[%emt 0:00:42]} h4 {[%emt 0:02:01]} 36. c7 {[%emt 0:06:40]} Nxc7 {[%emt 0:00:11]} 37. Qxb4 {[%emt 0:00:10]} Qd5 {[%emt 0:13:05]} 38. Bc3 {[%emt 0:00:55]} Nb5 {[%emt 0:01:23]} 39. Qxh4 {[%emt 0:07:39]} Nxc3 {[%emt 0:00:49]} 40. bxc3 {[%emt 0:00:09]} Qd1+ {[%emt 0:00:30]} 41. Kh2 {[%emt 0:00:06]} Qd6+ {[%emt 0:00:25]} 42. g3 {[%emt 0:00:06]} Qb6 {[%emt 0:02:01]} 43. Qd4 {[%emt 0:00:11]} Qb2 {[%emt 0:00:03]} 44. h4 {[%emt 0:00:18]} Kh7 {[%emt 0:00:13]} 45. Qc5 {[%emt 0:00:19]} Qd2 {[%emt 0:00:40]} 46. Kg2 {[%emt 0:00:30]} Qe2 {[%emt 0:01:05]} 47. Qd5 {[%emt 0:01:21]} Kg8 {[%emt 0:00:55]} 48. Qd4 {[%emt 0:00:13]} Qb2 {[%emt 0:00:06]} 49. Qd8+ {[%emt 0:00:18]} Kg7 {[%emt 0:00:36]} 50. Qd3 {[%emt 0:01:21]} Qb7+ {[%emt 0:00:13]} 51. Kh2 {[%emt 0:00:08]} Qb2 {[%emt 0:00:07]} 52. Qe3 {[%emt 0:00:16]} Qc2 {[%emt 0:00:44]} 53. Qd4+ {[%emt 0:00:12]} Kh7 {[%emt 0:00:43]} 54. c4 {[%emt 0:00:07]} Kg8 {[%emt 0:01:29]} 55. c5 {[%emt 0:01:00]} f4 {[%emt 0:00:04]} 56. gxf4 {[%emt 0:00:10]} Kh7 {[%emt 0:00:34]} 57. Kg2 {[%emt 0:07:35]} Qe2 {[%emt 0:00:05]} 58. Qe3 {[%emt 0:01:50]} Qc2 {[%emt 0:00:23]} 59. Qe5 {[%emt 0:00:24]} Qd1 {[%emt 0:00:36]} 60. Qg5 {[%emt 0:00:26]} Qd3 {[%emt 0:00:52]} 61. h5 {[%emt 0:01:43]} Qe4+ {[%emt 0:00:06]} 62. Kh2 {[%emt 0:00:04]} Qc2 {[%emt 0:00:42]} 63. hxg6+ {[%emt 0:00:10]} fxg6 {[%emt 0:00:02]} 64. Qe7+ {[%emt 0:00:22]} Kg8 {[%emt 0:00:48]} 65. Kg3 {[%emt 0:01:24]} Qd3+ {[%emt 0:00:13]} 66. Qe3 {[%emt 0:02:31]} Qd1 {[%emt 0:01:06]} 67. Qf3 {[%emt 0:03:32]} Qg1+ {[%emt 0:00:35]} 68. Qg2 {[%emt 0:00:09]} Qc1 {[%emt 0:00:07]} 69. Qd5+ {[%emt 0:02:24]} Kg7 {[%emt 0:00:19]} 70. Qd4+ {[%emt 0:00:15]} Kh7 {[%emt 0:00:11]} 71. Kg2 {[%emt 0:00:07]} Qc2 {[%emt 0:01:50]} 72. Qd7+ {[%emt 0:00:09]} Kh6 {[%emt 0:00:24]} 73. c6 {[%emt 0:00:22]} Qe4+ {[%emt 0:00:12]} 74. Kg3 {[%emt 0:00:06]} Qe1 {[%emt 0:00:10]} 75. Qd5 {[%emt 0:02:07]} Qg1+ {[%emt 0:00:19]} 76. Qg2 {[%emt 0:00:04]} Qc1 {[%emt 0:00:05]} 77. Qf3 {[%emt 0:02:32]} Qg1+ {[%emt 0:00:26]} 78. Kh3 {[%emt 0:00:05]} Qc1 {[%emt 0:00:21]} 79. Kg2 {[%emt 0:01:02]} Qc4 {[%emt 0:00:34]} 80. Qh3+ {[%emt 0:00:43]} Kg7 {[%emt 0:00:01]} 81. Qd7+ {[%emt 0:00:14]} 1-0

[Event "Commonwealth Open 2019"]
[Site "Delhi"]
[Date "2019.07.01"]
[Round "3.13"]
[White "Joshi, Govind Ballabh"]
[Black "Divya, Deshmukh"]
[Result "1/2-1/2"]
[WhiteElo "2101"]
[BlackElo "2414"]
[Annotator "NA"]
[PlyCount "128"]
[EventDate "2019.06.30"]
[EventType "swiss"]
[EventCountry "IND"]
[SourceTitle "playchess.com"]
[Source "ChessBase"]
[SourceQuality "1"]
[TimeControl "5400+30"]

1. e4 {[%emt 0:00:00]} c5 {[%emt 0:00:00]} 2. Nf3 {[%emt 0:00:00]} d6 {[%emt 0:00:00]} 3. Bb5+ {[%emt 0:00:43]} Bd7 {[%emt 0:00:00]} 4. Bxd7+ {[%emt 0:01:02]} Qxd7 {[%emt 0:00:00]} 5. c4 {[%emt 0:00:43]} g6 {[%emt 0:00:59]} 6. Nc3 {[%emt 0:00:44]} Bg7 {[%emt 0:00:04]} 7. d4 {[%emt 0:00:06]} cxd4 {[%emt 0:00:06]} 8. Nxd4 {[%emt 0:00:06]} Nf6 {[%emt 0:00:07]} 9. b3 {[%emt 0:02:06]} Nc6 {[%emt 0:02:58]} 10. Bb2 {[%emt 0:00:05]} O-O {[%emt 0:00:49]} 11. O-O {[%emt 0:00:09]} Rfd8 {[%emt 0:03:55]} 12. Re1 {[%emt 0:06:32]} Nxd4 {[%emt 0:06:59]} 13. Qxd4 {[%emt 0:00:21]} Ng4 {[%emt 0:03:56]} 14. Qd2 {[%emt 0:01:28]} Ne5 {[%emt 0:02:33]} 15. h3 {[%emt 0:12:15]} Rac8 {[%emt 0:07:01]} 16. Rad1 {[%emt 0:01:54]} Qe8 {[%emt 0:07:15]} 17. f4 {[%emt 0:11:06]} Nc6 {[%emt 0:10:47]} 18. Nd5 $14 {[%emt 0:00:53]} Qf8 {[%emt 0:01:50]} 19. Re2 {[%emt 0:05:37]} e6 {[%emt 0:03:38]} 20. Ne3 {[%emt 0:16:39]} a6 {[%emt 0:02:52]} 21. Bxg7 {[%emt 0:04:44]} Qxg7 {[%emt 0:00:29]} 22. Qb2 {[%emt 0:00:16]} e5 {[%emt 0:01:06]} 23. f5 {[%emt 0:03:26]} Nd4 {[%emt 0:00:40]} 24. Rf2 {[%emt 0:01:37]} Kh8 {[%emt 0:01:30]} 25. Rdf1 {[%emt 0:10:50]} g5 {[%emt 0:07:38]} 26. f6 {[%emt 0:05:36]} Qg6 {[%emt 0:00:35]} 27. Nf5 {[%emt 0:00:55]} Nxf5 {[%emt 0:00:06]} 28. Rxf5 {[%emt 0:00:01]} b5 {[%emt 0:00:36]} 29. Qd2 {[%emt 0:02:01]} h6 {[%emt 0:00:39]} 30. Rc1 {[%emt 0:01:11]} Kh7 {[%emt 0:04:53]} 31. cxb5 Rxc1+ {[%emt 0:00:11]} 32. Qxc1 {[%emt 0:02:28]} axb5 {[%emt 0:00:04]} 33. Qc6 {[%emt 0:03:42]} g4 {[%emt 0:03:04]} 34. hxg4 {[%emt 0:02:32]} Qxg4 {[%emt 0:00:13]} 35. Qd5 {[%emt 0:00:29]} Kg6 {[%emt 0:07:02]} 36. Rf3 {[%emt 0:01:18]} Rc8 {[%emt 0:02:28]} 37. Qd2 {[%emt 0:02:00]} Qg5 {[%emt 0:02:14]} 38. Qf2 {[%emt 0:01:39]} Kh7 {[%emt 0:00:43]} 39. Rd3 {[%emt 0:00:43]} Rc1+ {[%emt 0:02:53]} 40. Kh2 {[%emt 0:00:01]} b4 {[%emt 0:00:05]} 41. Qf5+ {[%emt 0:01:16]} Qxf5 {[%emt 0:00:35]} 42. exf5 {[%emt 0:00:02]} Rf1 {[%emt 0:01:04]} 43. Rxd6 {[%emt 0:00:12]} Rxf5 {[%emt 0:00:03]} 44. Rd5 {[%emt 0:00:53]} Kg6 {[%emt 0:01:44]} 45. Rb5 {[%emt 0:00:04]} Rf4 {[%emt 0:02:25]} 46. Rxe5 {[%emt 0:00:07]} Kxf6 {[%emt 0:00:02]} 47. Rb5 {[%emt 0:00:17]} Rd4 {[%emt 0:00:10]} 48. Kg3 {[%emt 0:00:23]} Kg6 {[%emt 0:00:08]} 49. Kf3 {[%emt 0:01:27]} f5 {[%emt 0:00:13]} 50. Ke3 {[%emt 0:01:00]} Re4+ {[%emt 0:00:06]} 51. Kf3 {[%emt 0:00:00]} Kg5 {[%emt 0:00:36]} 52. Rc5 {[%emt 0:00:35]} Rf4+ {[%emt 0:00:19]} 53. Kg3 {[%emt 0:00:21]} h5 {[%emt 0:02:33]} 54. Rc4 {[%emt 0:00:58]} h4+ {[%emt 0:00:34]} 55. Kh3 {[%emt 0:00:06]} Rg4 {[%emt 0:00:53]} 56. Rc8 {[%emt 0:00:10]} Rg3+ {[%emt 0:00:57]} 57. Kh2 {[%emt 0:00:07]} Re3 {[%emt 0:00:07]} 58. Rg8+ {[%emt 0:00:33]} Kf4 {[%emt 0:00:19]} 59. Rh8 {[%emt 0:00:03]} Kg5 {[%emt 0:00:31]} 60. Rg8+ {[%emt 0:00:00]} Kf6 {[%emt 0:00:02]} 61. Rh8 {[%emt 0:00:08]} Re4 {[%emt 0:02:10]} 62. Kh3 {[%emt 0:00:11]} Kg5 {[%emt 0:01:08]} 63. Rg8+ {[%emt 0:00:01]} Kh5 {[%emt 0:02:58]} 64. Rh8+ {[%emt 0:00:02]} Kg5 {[%emt 0:00:36]} 1/2-1/2